Enterprise clusters and networks in developing countries

Bibliographic Details
Corporate Author: ProQuest (Firm)
Other Authors: Dijk, Meine Pieter van., Rabellotti, Roberta.
Format: Electronic eBook
Language:English
Published: London ; Portland, Or. : Frank Cass, 1997.
Series:EADI-book series ; 20.
Subjects:
Online Access:Click to View
LEADER 01638nam a2200409Ia 4500
001 EBC235170
003 MiAaPQ
005 20200520144314.0
006 m o d |
007 cr cn|||||||||
008 961025s1997 enka sb 000 0 eng d
010 |z  96048445  
020 |z 0203988116 
020 |z 0714643335 (pbk.) 
035 |a (MiAaPQ)EBC235170 
035 |a (Au-PeEL)EBL235170 
035 |a (CaPaEBR)ebr10094150 
035 |a (CaONFJC)MIL14326 
035 |a (OCoLC)936904056 
040 |a MiAaPQ  |c MiAaPQ  |d MiAaPQ 
050 4 |a HD69.S8  |b E58 1997 
082 0 4 |a 338.8/09172/4  |2 21 
245 0 0 |a Enterprise clusters and networks in developing countries  |h [electronic resource] /  |c edited by Meine Pieter van Dijk and Roberta Rabellotti. 
260 |a London ;  |a Portland, Or. :  |b Frank Cass,  |c 1997. 
300 |a viii, 210 p. :  |b ill. 
490 1 |a EADI-book series ;  |v 20 
500 |a "In association with the European Association of Development Research and Training Institutes (EADI), Geneva." 
504 |a Includes bibliographical references. 
533 |a Electronic reproduction. Ann Arbor, MI : ProQuest, 2015. Available via World Wide Web. Access may be limited to ProQuest affiliated libraries. 
650 0 |a Business networks  |z Developing countries  |v Case studies. 
650 0 |a Social networks  |z Developing countries  |v Case studies. 
655 4 |a Electronic books. 
700 1 |a Dijk, Meine Pieter van. 
700 1 |a Rabellotti, Roberta. 
710 2 |a ProQuest (Firm) 
830 0 |a EADI-book series ;  |v 20. 
856 4 0 |u https://ebookcentral.proquest.com/lib/matrademy/detail.action?docID=235170  |z Click to View